000 00693cab a2200253 4500
001 WB2813-30
008 090401t1992 xxu||||| |||| 00| 0 eng d
035 _a(Sirsi) u63922
041 _aeng
245 _aEstate agency reports losses again
260 _c1992
350 _a0
490 _aTimes
_v25 March 1992, 19(1)
520 _aHambro Countrywide has recorded a loss for the third year running.
650 _aESTATE AGENTS
650 _aHAMBRO COUNTRYWIDE
650 _aHOUSING MARKET
650 _aRECESSION
650 _aRESIDENTIAL AGENTS
650 _aRESULTS
690 _aMANAGEMENT-BUSINESS MANAGEMENT-PROFESSIONAL PRACTICE
942 _n0
948 _c04/03/1997
999 _c39775
_d39775